NBL MVPs (Australia) - Statistics

General Stats
  • This quiz has been taken 62 times
    6 since last reset
  • The average score is 20 of 50
Answer Stats
Year Team Answer % Correct
2026 Adelaide 36ers Bryce Cotton
100%
2025 Perth Wildcats Bryce Cotton
100%
2024 Perth Wildcats Bryce Cotton
100%
2021 Perth Wildcats Bryce Cotton
100%
2020 Perth Wildcats Bryce Cotton
100%
2018 Perth Wildcats Bryce Cotton
100%
1998 Melbourne Tigers Andrew Gaze
83%
1997 Melbourne Tigers Andrew Gaze
83%
1996 Melbourne Tigers Andrew Gaze
83%
1995 Melbourne Tigers Andrew Gaze
83%
1994 Melbourne Tigers Andrew Gaze
83%
1992 Melbourne Tigers Andrew Gaze
83%
1991 Melbourne Tigers Andrew Gaze
83%
2023 Sydney Kings Xavier Cooks
67%
2019 Sydney Kings Andrew Bogut
50%
2015 Townsville Crocodiles Brian Conklin
33%
2013 New Zealand Breakers Cedric Jackson
33%
2003 Sydney Kings Chris Williams
33%
2010 Townsville Crocodiles Corey Williams
33%
2022 Sydney Kings Jaylen Adams
33%
2017 Adelaide 36ers Jerome Randle
33%
2000 Perth Wildcats Paul Rodgers
33%
2007 Brisbane Bullets Sam Mackinnon
33%
1982 West Adelaide Bearcats Al Green
17%
2008 Melbourne Tigers Chris Anstey
17%
2006 Melbourne Tigers Chris Anstey
17%
1990 Brisbane Bullets Derek Rucker
17%
1988 Hobart Devils Joe Hurst
17%
2016 Illawarra Hawks Kevin Lisch
17%
2012 Perth Wildcats Kevin Lisch
17%
2009 New Zealand Breakers Kirk Penney
17%
1987 Brisbane Bullets Leroy Loggins
17%
1986 Brisbane Bullets Leroy Loggins
17%
1984 Brisbane Bullets Leroy Loggins
17%
2002 Melbourne Tigers Mark Bradtke
17%
1987 Adelaide 36ers Mark Davis
17%
2004 Sydney Kings Matthew Nielsen
17%
1981 Illawarra Hawks Mike Jones
17%
1985 Coburg Giants Ray Borner
17%
2001 Townsville Crocodiles Robert Rose
17%
1993 South East Melbourne Magic Robert Rose
17%
1980 St Kilda Saints Rocky Smith
17%
2014 Wollongong Hawks Rotnei Clarke
17%
1992 North Melbourne Giants Scott Fisher
17%
1989 North Melbourne Giants Scott Fisher
17%
1999 Brisbane Bullets Steve Woodbury
17%
2005 Hunter Pirates Brian Wethers
0%
2011 Wollongong Hawks Gary Ervin
0%
1979 West Adelaide Bearcats Ken Richardson
0%
1983 Sydney Supersonics Owen Wells
0%
No matching quizzes found
Score Distribution
Percent of People with Each Score
Percentile by Number Answered
Your Score History
You have not taken this quiz since the last reset